000 00492nam a2200181Ia 4500
008 230524s9999 xx 000 0 und d
020 _a9780198079064
082 _a5.26
_bKUM
100 _aN.Senthil Kumar
245 0 _a"Microprocessors and Interfacing: 8086, 8051, 8096 and advanced Processors"
250 _a1
260 _aNew Delhi
_bOxford
_c2012
300 _a"XXIV,812p:"
500 _aQuantity Number: 11
650 _aComp-Sc
700 _a"M.Saravanan, etl."
942 _cBK
999 _c56468
_d56468